000 00445cam a2200181ua 4500
001 11703
008 191021n ii |||gr||||Z||||||eng
040 _cMAIN
041 _aeng
082 _a370.54
100 _aSiddheswar Saikia,
_eAuthor.
245 _aHistory of education in india
_cBy Siddheswar Saikia
250 _a5th ed.
260 _aGuwahati:
_bMani manik prakash,
_c1975.
300 _a199p.
653 _aEducation
942 _cBK
999 _c10508
_d10508